000
00233 a2200097 4500
001
3227
100
_a
Delf, G
245
_a
Jomo Kenyatta twoars truth about the light of kenya
260
_a
_b
Victor gollancz
_c
090
_c
2507
_d
2507
942
_a
NUST-CAE
_c
M
_c
16747
999
_c
238300
_d
238300